000 00617nam a2200229Ia 4500
003 OSt
005 20221005133826.0
006 a|||||r|||| 00| 0
007 ta
008 221004b |||||||| |||| 00| 0 pan d
024 _a62493
037 _cTextual
040 _aCRL
_cCRL
_bpan
041 _2pan
_apan
082 _aO153,2NBH:g, M8
100 _aਰੁਪਿੰਦਰਜੀਤ
245 0 _aਭਾਗ ਸਿੰਘ
260 _c1988
650 _aਪੰਜਾਬੀ ਸਾਹਿਤ
942 _hO153,2NBH:g, M8
_cTEXL
_2cc
999 _c1067994
_d1067994